Bovinos hereford /
Guardado en:
| Autor Principal: | |
|---|---|
| Formato: | Libro |
| Publicado: |
Buenos Aires :
Albatros,
1978
|
| Materias: | |
| Etiquetas: |
Agregar Etiqueta
Sin Etiquetas, Sea el primero en etiquetar este registro!
|
| LEADER | 00513nam a22001815a 4500 | ||
|---|---|---|---|
| 001 | CEM.cems015983 | ||
| 005 | 20110824164521.0 | ||
| 008 | 130507s1978##################000#0#####d | ||
| 003 | CEMS | ||
| 082 | 0 | 4 | |a 636.22 |
| 100 | 1 | |a López, Miguel ángel | |
| 245 | 1 | 0 | |a Bovinos hereford / |c Miguel ángel López, |
| 260 | |a Buenos Aires : |b Albatros, |c 1978 | ||
| 300 | |a 96 p. | ||
| 653 | |a Bovinos | ||
| 653 | |a Bovinos-hereford | ||
| 653 | |a Ganadería | ||
| 859 | |a CEMS |b BIB. CEMS - Agricultura |h 636.22 |i L881 |p A12234.83 |t Ej.1 |v 1 |3 Vol. 1 | ||
